000 00403nam a2200181Ia 4500
001 2377
005 20260306144802.0
008 260306t2010||||xx |||||||||||||| ||spa||
041 _aESP
082 _a616.89
_bC12S
100 _aCabanyes, Javier
_eAUT
245 0 _aLa salud mental y sus cuidados
260 _c2010
300 _a
_c
650 _aGEN
654 _aCPS
942 _cLIB
_dJUS
_fJUS
_2ddc
_n
999 _c2377
_d2377